000
00202nam a22000977a 4500
082
_a
005.3 MUE'I
245
_a
ILLUSTRATED CLIPPER 5.0
260
_a
NEW DELHI
_b
BPB
_c
1991
300
_a
495P
942
_c
BK
999
_c
571596
_d
571596